000 00256nam a22001217a 4500
003 SGT
082 _a611
_bS18S
100 _aSINGH, HARVINDER
245 _aSEXUAL DIONPHISUM IN HUMAN
260 _aSGTU
_c2018
650 _aHUMAN ANATOMY
942 _2ddc
_cTH
999 _c20535
_d20535